书目信息 |
| 题名: |
社会主义现代化中的经济与文化
|
|
| 作者: | ||
| 分册: | ||
| 出版信息: | 香港 香港教育出版社 2002 |
|
| 页数: | 271页 | |
| 开本: | 20cm | |
| 丛书名: | ||
| 单 册: | ||
| 中图分类: | D674 | |
| 科图分类: | ||
| 主题词: | 政治--中国 | |
| 电子资源: | ||
| ISBN: | 962-8753-63-0 | |
| 000 | 00501nam0 2200181 450 | |
| 001 | 0757578380 | |
| 005 | 20070804173250.39 | |
| 010 | @a962-8753-63-0@dCNY24.00 | |
| 100 | @a20070804d2002 km y0chiy0120 ea | |
| 101 | 0 | @achi |
| 102 | @aCN | |
| 200 | 1 | @a社会主义现代化中的经济与文化@Ashe hui zhu yi xian dai hua zhong de jing ji yu wen hua |
| 210 | @a香港@c香港教育出版社@d2002 | |
| 215 | @a271页@d20cm | |
| 606 | 0 | @a政治@x中国 |
| 690 | @aD674@v3 | |
| 801 | 0 | @aCN@bPFT@c20070804 |
| 905 | @a10447@dD674@e54 | |
| 社会主义现代化中的经济与文化.-香港:香港教育出版社,2002 |
| 271页;20cm |
| ISBN 962-8753-63-0:CNY24.00 |
| ● |
| 相关链接 |
|
|
|
|
正题名:社会主义现代化中的经济与文化
索取号:D674/54
 
预约/预借
| 序号 | 登录号 | 条形码 | 馆藏地/架位号 | 状态 | 备注 |
| 1 | 0788554 | 207885546 | 第一样本阅览室/ [索取号:D674/54] | 在馆 |